Architecture Today

Gespeichert in:
Bibliographische Detailangaben
1. Verfasser: Jencks, Charles (Verfasst von)
Format: Buch
Sprache:Englisch
Veröffentlicht: New York : Abrams, 1988
Ausgabe:1. vydanie
Schlagworte:
Tags: Tag hinzufügen
Keine Tags, Fügen Sie das erste Tag hinzu!

MARC

LEADER 00000nam a22000003a 4500
001 stu11390
005 20210701103953.6
008 950404s1988----xxu-----------------eng-d
040 |a STU  |b slo 
041 0 |a eng 
044 |a xxu 
100 1 |a Jencks, Charles  |4 aut 
245 1 |a Architecture Today 
250 |a 1. vydanie 
260 |a New York :  |b Abrams,  |c 1988 
300 |a 358 s 
650 7 |a architektúra svetová  |2 stusub 
650 7 |a moderná architektúra 
650 7 |a postmoderna 
996 |b 284AU02531  |c A*2256 U  |l AAKNST  |s P  |a 0  |w stu11390_0001